Vietnam Heritage Cultural Heritage Association of Vietnam. A ghost Bazar and a pair of mats

Guardat en:
Dades bibliogràfiques
Format: Desconegut
Publicat: 2014
Etiquetes: Afegir etiqueta
Sense etiquetes, Sigues el primer a etiquetar aquest registre!
Thư viện lưu trữ: Mạng thư viện Đại học Đà Nẵng
LEADER 00734na a2200205 4500
001 000032486
003 8575
005 20151002091341.0
008 151002s2014 000
082 |a 420.30 
245 |a Vietnam Heritage Cultural Heritage Association of Vietnam. A ghost Bazar and a pair of mats  |c Lê Thanh Hải 
260 |c 2014 
OWN |a LNN 
AVA |a UDN50  |b LNN  |d 420.30  |e available  |t Error 5001 Not defined in file expand_doc_bib_avail.  |f 2  |g 0  |h N  |i 0  |k 1 
999 |a From the UDN01 
AVA |a UDN50  |b LNN  |d 420.30  |e available  |t Error 5001 Not defined in file expand_doc_bib_avail.  |f 2  |g 0  |h N  |i 0  |k 1 
TYP |a Printed language 
980 |a Mạng thư viện Đại học Đà Nẵng